| 000 | 00466nam a2200169Ia 4500 | ||
|---|---|---|---|
| 003 | OSt | ||
| 005 | 20251202122850.0 | ||
| 020 | _a9966-53-040-0 | ||
| 040 | _cLC | ||
| 050 |
_aKSK 4610 .L86 2016 _b2 |
||
| 100 | _aLUMUMBA, PLO | ||
| 245 | 3 | _aAN OUTLINE OF CRIMINAL PROCEDURE IN KENYA | |
| 260 |
_aNAIROBI, _bLAW AFRICA PUBLISHING (K) LTD, _c2016, |
||
| 300 | _aCXXiii, 387 P, ILL | ||
| 650 | _aCriminal procedure-Kenya-Outlines, syllabi, etc | ||
| 942 |
_cBK _2lcc _n0 |
||
| 999 |
_c166268 _d166268 |
||